000 01940nam a2200277Ia 4500
003 OSt
005 20210906111641.0
008 210310s1970 sp gr 000 0 spa d
040 _aCO-JMCR
_cCO-JMCR
041 0 _aspa
_heng
082 0 4 _a339.23 /
_bL586a
_223
100 1 _aLeontief, Wassily,
_917396
_eautor
245 1 0 _aAnálisis económico input-output /
_cpor Wassily Leontief ; con un estudio introductorio en torno a las tablas input-output de la economía española por Angel Alcaide Inchausti ; [traducción de Valentín Fábrega Forradellas]
260 _aBarcelona :
_bEditorial Gustavo Gili, S.A.,
_c1970
300 _a[1] hoja plegable, 356 páginas :
_bilustraciones y gráficas a blanco y negro ;
_c21 cm.
490 0 _aColección Ciencia Económica
500 _aIncluye notas a pie de página.
504 _aBibliografía al final de cada capítulo.
505 0 _aPropuesta para mejorar la bondad de nuestras previsiones económicas (1964) -- Análisis económico input-outpot (1951) -- Salarios, beneficios, precios e impuestos (1947) -- La estructura del desarrollo (1963) -- Producción interna y comercio exterior: reexamen de la posición estadounidense por lo que respecta al capital (1953) -- Las relaciones entre los factores y la estructura del comercio estadounidense: nuevo análisis teórico y empírico (1956) -- Análisis input-output (1965) -- Estructura de la economía estadounidense (1965) -- Repercusiones económicas del desarme (1961) -- Repercusiones económicas-en los ámbitos industrial y regional- de una reducción de armamento (1965) -- Análisis input-output multiregional (1963)
546 _aTraducido del inglés.
650 1 4 _aEconomía
_917398
_xModelos matemáticos
650 2 4 _aEconomía matemática
_939997
700 1 _aAlcaide Inchausti, Angel,
_eautor de estudio introductorio
_939998
700 1 _aFábrega Forradellas, Valentín,
_etraductor
_939999
942 _2ddc
_cBK
999 _c8481
_d8481